33 personnages en 5 minutes : Hunger Games - Statistiques

Statistiques générales
  • Ce quiz a été pris 595 fois
  • Le résultat moyen est 17 sur 33
Statistiques - réponses
Hint Réponse % Correct
1 Katniss Everdeen
99%
2 Peeta Mellark
97%
12 Primrose Everdeen
94%
6 Coriolanus Snow
88%
8 Haymitch Abernathy
86%
9 Effie Trinket
81%
13 Rue
79%
15 Cato
71%
5 Johanna Mason
66%
11 Cinna
63%
16 Clove
63%
7 Alma Coin
62%
25 Thresh
58%
22 Annie Cresta
56%
23 Beetee Latier
56%
4 Finnick Odair
53%
28 Mags
53%
17 Glimmer
51%
18 Plutarch Heavensbee
51%
14 Caesar Flickerman
48%
32 Wiress
45%
10 Seneca Crane
42%
26 Enobaria
32%
3 Gale Hawthorne
32%
30 Pollux
32%
31 Tigris Snow
31%
33 Brutus
30%
27 Gloss
26%
29 Castor
25%
24 Cressida
22%
21 Octavia
17%
20 Flavius
16%
19 Claudius Templesmith
8%
Aucun quiz correspondant
Distribution des résultats
% des personnes avec chaque résultat
Percentile par nombre de réponses
Votre historique - résultats
Vous n’avez pas pris ce quiz